| 000 | 00694nam a2200229 a 4500 | ||
|---|---|---|---|
| 001 | 46208 | ||
| 003 | BD-RjUL | ||
| 005 | 20211209054124.0 | ||
| 008 | 160801s1928 nyu a 001 0 eng | ||
| 035 | _a(BD-RjUL)46326 | ||
| 040 |
_aDLC _cDLC _dDLC _dBD-RjUL _beng |
||
| 041 | _aeng | ||
| 082 |
_223 _a330.9 _bHOC 1928 |
||
| 100 | 1 |
_aHoman, Paul T. _q(Paul Thomas), _d1893-1969. _9141163 |
|
| 245 | 1 | 0 |
_aContemporary economic thought / _cby Paul T. Homan. |
| 260 |
_aNew York : _bHarper & Brothers, _c1928. |
||
| 300 |
_ax, 475 p. ; _c22 cm. |
||
| 500 | _aInclude index | ||
| 500 | _aMaster preservation microfilm held by: DLC. | ||
| 650 |
_aEconomics _vHistory. _9135066 |
||
| 942 |
_2ddc _cBK |
||
| 999 |
_c46208 _d46208 |
||